000 01203nam a2200289 i 4500
001 181078
003 ES-MaACL
005 20240223172220.0
008 121016s2011 sp | |||||||| | spa d
020 _a978-84-8489-588-6
020 _a978-3-86527-636-0
080 _a929-054.73(=1.460:411 L.)"18":008
245 0 0 _aLondres y el liberalismo hispánico /
_cDaniel Muñoz Sempere, Gregorio Alonso García (eds.).
260 _aMadrid :
_bIberoamericana ;
_aFrankfurt am Main :
_bVervuert,
_c2011.
300 _a285 p. ;
_c24 cm.
490 1 _aLa cuestión palpitante: los siglos XVIII y XIX en España ;
_vv. 17
546 _aTextos en español e inglés.
650 0 7 _aExiliados españoles-
_zGran Bretaña
_2
_9172182
650 0 0 _aLiberalismo-
_zEspaña-
_yS.XIX.
_914390
650 4 _aLiteratura española-
_xAutores exiliados-
_zGran Bretaña-
_xHistoria y crítica.
_9172181
700 1 _aMuñoz Sempere, Daniel.
_984501
700 1 _aAlonso García, Gregorio.
_9151621
830 1 _aLa cuestión palpitante: los siglos XVIII y XIX en España ;
_vv. 17
_9184256
852 _aES-MaACL
_jA-12299
_9187961
_bR.148340
_cDEPO1
_dOlim: N-5304
942 _2udc
_cMONOGRAFIA
999 _c181078
_d181078